000 00296nam a2200109Ia 4500
008 220216s9999 xx 000 0 und d
100 _aReji Kumar R.
245 4 _aThe Urgent need for energy conservation in rubber sector
260 _bRubber Board Bulletin
_c2009
300 _a19-24
942 _cJS
999 _c71111
_d71111